Valparaíso: una propuesta regional para el cambio de década

محفوظ في:
التفاصيل البيبلوغرافية
المؤلف الرئيسي: Corvalán Quiroz, Alejandro (مؤلف)
التنسيق: كتاب
اللغة:الإسبانية
منشور في: Valparaíso Pet 2001
الطبعة:1a. ed
الموضوعات:
الوسوم: إضافة وسم
لا توجد وسوم, كن أول من يضع وسما على هذه التسجيلة!

MARC

LEADER 00000cam a2200000 a 4500
001 UCN8279
003 CL-VaPUC
008 011109e20010400CL |||||||||||||||||spa|d
020 |a 956259050X 
082 0 4 |a 338.983255  |b COR  |2 21 
100 0 |a Corvalán Quiroz, Alejandro  |e author  |9 464611 
245 1 0 |a Valparaíso: una propuesta regional para el cambio de década 
250 |a 1a. ed 
300 |a 265 p 
942 |c BK 
945 |d 20011109 00:00:00  |a cmena 
260 |a Valparaíso  |b Pet  |c 2001 
650 0 |a Desarrollo económico y social   |9 256320 
650 0 |a Proyectos de inversión   |9 261065 
650 7 |a INNOVACIONES TECNOLOGICAS  |2 CL-VaPUC  |9 464612 
650 0 |a Globalización  |9 361930 
650 0 |a Competitividad   |9 308495 
650 0 |a Economía regional  |9 320847 
650 0 |a Calidad total  |9 259929 
651 7 |a CHILE  |2 CL-VaPUC  |9 464613 
651 0 |a Valparaíso, Chile  |9 261144 
583 |a last modification  |c 20160914 11:30:21  |k Rodrigo Vera 
999 |c 298295  |d 298293 
952 |0 0  |1 0  |4 0  |6 338_983255000000000_COR_2001  |7 0  |8 A  |9 353798  |a BIBING  |b BIBING  |d 2019-11-21  |i 3754863  |o 338.983255 COR 2001  |p 3754863  |r 2025-01-20  |w 2019-11-21  |y BK  |k GEO 
952 |0 0  |1 0  |4 0  |6 338_983255000000000_COR_2001  |7 0  |8 A  |9 353799  |a BIBING  |b BIBING  |d 2019-11-21  |i 4557816  |o 338.983255 COR 2001  |p 4557816  |r 2025-01-20  |w 2019-11-21  |y BK  |k ING 
952 |0 0  |1 0  |3 erb  |4 0  |6 338_983255000000000_COR_2001  |7 0  |8 X  |9 353800  |a FDOBUD  |b FDOBUD  |i 5318998  |o 338.983255 COR 2001  |p 5318998  |r 2019-11-21  |w 2019-11-21  |y BK_X  |z Catalogado en:20160915  |k FHP